000 00336nam a22001457a 4500
003 SGT
020 _a9788179104071
082 _a428.0071,MAH
100 _aMAHANAD,ANAND
245 _aENGLISH LANGUAGE TEACHING
260 _aJAIPUR
_bAAVISHKAR PUBLISHERS DISTRIBUTORS
_c2013
300 _a152
650 _aENGLISH
942 _2ddc
_cBK
999 _c33649
_d33649